| 000 | 00672nam a22002057a 4500 | ||
|---|---|---|---|
| 999 |
_c12457 _d12457 |
||
| 003 | AR-CdUCM | ||
| 008 | 190408b ||||| |||| 00| 0 spa d | ||
| 040 |
_aMUNICIPALIDAD PROVINCIAL DEL CUSCO _cBIBLIOTECA MUNICIPAL DEL CUSCO |
||
| 082 |
_a300 / _bV19 / |
||
| 100 |
_aValencia Espinosa, Abreham _930309 |
||
| 245 |
_aTytacha Temblores : _bPatrón jurado del Cusco / |
||
| 260 |
_aCusco : _bCentro de estudios Andinos Cusco, |
||
| 300 |
_a168 paginas ; _bIlustraciones, _c20 cm. |
||
| 505 | _aContenido : Taytacha Temblores / | ||
| 650 |
_aIdeología _91109 |
||
| 650 |
_aReligión _91195 |
||
| 650 |
_aCusco _9772 |
||
| 942 |
_2ddc _cLIBROS |
||
| 945 |
_arjall _d2019-04-08 |
||